000 00602nam a22002177i 4500
001 6265
003 OSt
005 20180914133409.0
007 tu
008 161220s2002 gw |||||||||||||||||eng d
024 7 _a6265
_2RID
024 7 _a6265
_2RSN (alt)
040 _cOSt
041 _aeng
100 1 _aFrensch, Richard
245 0 0 _aTransition Economies.
_bCyclical Behaviour, Tariffs and Project Financing
260 _aMünchen :
_bforost - Forschungsverbund Ost- und Südosteuropa,
_c2002.
490 _aforost Arbeitspapiere
_v5/August 2002
_x1613-0332
700 1 _aHainz, Christa
942 _cP
999 _c5872
_d5872